000 00580 a2200229 4500
001 133166
003 OSt
005 20220112104554.0
008
020 _a9789332519008
082 _a530.12
_bS29M
100 1 _aSakurai, J.J.
245 1 _aModern quantum mechanics
_cby J.J. Sakurai and Jim J. Napolitano
250 _a2nd ed.
260 _aNoida
_bPearson Education
_c2011
300 _a550p.
653 _aPhysics
653 _aQuantum theory
653 _aQuantum mechanics
700 _aNapolitano, Jim J.
942 _2ddc
_cBK
999 _c7487
_d7487